000 00497nam a22001577a 4500
003 NUST
005 20240221130429.0
008 240221b ||||| |||| 00| 0 eng d
082 _a004
100 _aRaziq, Nosheella
_935339
245 _aPakistan sign language recognition and translation into text using leap motion device /
_cNosheela Raziq
260 _6MCS - NUST,
_c2016
300 _a 54 p. : ill.; 30cm
650 _aComputer Software Engineering MS-Thesis
_916105
942 _2ddc
_cTHE
999 _c607989
_d607989